| 000 | 00429cam a22001337a 4500 | ||
|---|---|---|---|
| 008 | 180718b1998 xxu||||| |||| 00| 0 eng d | ||
| 082 | _aAPPPA 97-98 KHW/15 | ||
| 100 | _aKhwaja, R.C. | ||
| 245 |
_aStudy of stress amongst working women in the government sector _cby R.C. Khwaja |
||
| 260 |
_aNew Delhi _bIndian Institute of Public Administration _c1998 |
||
| 300 | _a62p. | ||
| 650 | _aAPPPA | ||
| 650 | _aWomen - Employment - India | ||
| 999 |
_c485698 _d485698 |
||